Statistiques concernant Harry potter quizz

Cliquez ici pour prendre le quiz!

Statistiques générales

  • Ce quiz a été pris 985 fois
  • Le résultat moyen est 14 sur 15

Statistiques - réponses

QuestionAnswer% Correct
Comment s'appelle la mère de la famille weasley?molly
100%
comment s'appellent les meilleurs amis de harry?ron et hermione
100%
dans harry potter et la chambre des secrets, quel est le monstre qu'harry affronteun basilic
100%
quand les parents de harry sont morts, quel age avait-t-il?il avait 1 an
99%
Comment s'appelle la chouette de harry?hedwige
99%
quel est le vrai nom de lord voldemort?tom elvis jedusor
99%
Comment s'appelle le fantôme des toilettes des filles?mimi geignarde
99%
comment s'appelle le livre harry potter4?harry potter et la coupe de feu
95%
où se passe le mariage de bill et fleur ?au terrier
94%
combien y a t-il eu de concurrents au tournoi des 3 sorciers?4
94%
qui détient la baguette de sureau à la fin de l'histoire?Harry
92%
Combien d'enfants ont arthur et molly weasley?7
91%
quel est l'adresse du quartier général de l'ordre du phoenix?12 squard grimmaurd
89%
comment s'appelle le lac de poudlard?le lac noir
89%
qui vient aider harry et ses amis au ministère de la magie (harry potter 5)l'ordre du phoenix
75%

Distribution des résultats

Percentile par nombre de réponses

% des personnes avec chaque résultat

Votre développement - résultats

Vous n’avez pas pris ce quiz